ブルーアーカイブ 誕生日クイズ - Statistics

General Stats
  • This quiz has been taken 9 times
  • The average score is 4 of 124
Answer Stats
誕生日 生徒名 % Correct
3/14 ユウカ
43%
4/13 ノア
29%
5/13 ハルカ
29%
6/14 ノゾミ
29%
6/14 ヒカリ
29%
1/1 ニヤ
14%
11/11 イチカ
14%
2/14 コユキ
14%
3/1 ハルナ
14%
3/12 アル
14%
3/24 アスナ
14%
3/25 アリス
14%
4/1 アカネ
14%
4/14 イブキ
14%
4/19 ハレ
14%
4/3 ワカモ
14%
5/16 シロコ
14%
6/1 ココナ
14%
6/16 ユカリ
14%
6/25 セリカ
14%
7/19 アオバ
14%
7/29 ムツキ
14%
9/22 チアキ
14%
10/20 ジュリ
0%
10/21 フブキ
0%
10/22 キリノ
0%
10/27 チェリノ
0%
10/4 サクラコ
0%
10/9 カホ
0%
11/10 トモエ
0%
11/12 アヤネ
0%
11/13 ウタハ
0%
11/16 イロハ
0%
11/23 ミネ
0%
11/27 ヒフミ
0%
11/3 フィーナ
0%
1/13 ミサキ
0%
11/30 シミコ
0%
11/4 マリナ
0%
1/2 ホシノ
0%
1/20 アツコ
0%
12/10 ヒマリ
0%
12/12 ハスミ
0%
1/22 シグレ
0%
12/21 メル
0%
12/22 アコ
0%
12/26 アズサ
0%
12/27 ジュンコ
0%
12/31 コトリ
0%
12/4 ナツ
0%
12/7 ナグサ
0%
12/8 ミドリ
0%
12/8 モモイ
0%
12/9 アカリ
0%
1/3 サヤ
0%
1/3 ハナコ
0%
1/30 アイリ
0%
1/5 コタマ
0%
1/6 セリナ
0%
1/7 ミヤコ
0%
1/8 ヒヨリ
0%
2/19 キサキ
0%
2/19 ヒナ
0%
2/2 カリン
0%
2/20 ノドカ
0%
2/22 ミチル
0%
2/24 キララ
0%
2/3 ツバキ
0%
2/5 シュン
0%
3/15 ミモリ
0%
3/17 カヨコ
0%
3/19 マコト
0%
3/3 レイジョ
0%
3/5 ルミ
0%
4/10 サツキ
0%
4/16 コハル
0%
4/2 ヒビキ
0%
4/23 ウイ
0%
4/25 メグ
0%
4/26 チヒロ
0%
4/30 フウカ
0%
4/5 ツクヨ
0%
4/7 セナ
0%
4/9 サキ
0%
5/1 エイミ
0%
5/11 イズミ
0%
5/12 ハナエ
0%
5/16 シロコ*テラー
0%
5/17 ヒナタ
0%
5/24 カスミ
0%
5/31 レイサ
0%
5/8 ミカ
0%
6/24 ツルギ
0%
6/5 マシロ
0%
6/6 リオ
0%
7/1 ウミカ
0%
7/12 ミユ
0%
7/13 チセ
0%
7/14 ミノリ
0%
7/23 レンゲ
0%
7/4 ナギサ
0%
7/7 シズコ
0%
7/9 カエデ
0%
8/1 マキ
0%
8/12 ユズ
0%
8/16 トキ
0%
8/17 ネル
0%
8/20 スミレ
0%
8/22 チナツ
0%
8/29 ヨシミ
0%
8/31 スズミ
0%
8/5 カズサ
0%
8/7 モミジ
0%
8/8 キキョウ
0%
8/9 レイ
0%
9/1 ノノミ
0%
9/12 マリー
0%
9/13 モエ
0%
9/29 セイア
0%
9/3 サオリ
0%
9/7 カンナ
0%
9/9 ミナ
0%
11/8 イオリ
0%
12/16 イズナ
0%
No matching quizzes found
Score Distribution
Percent of People with Each Score
Percentile by Number Answered
Your Score History
You have not taken this quiz